| 000 | 00394nam a2200145Ia 4500 | ||
|---|---|---|---|
| 008 | 230704s9999 xx 000 0 und d | ||
| 020 | _a9788195874422 | ||
| 100 | _aKAKKAR, SALONI AND SHARMA, KIRTI | ||
| 245 | 2 | _aA TEXTBOOK OF PHARMACEUTICAL CHEMISTRY | |
| 250 | _a1ST | ||
| 260 |
_bALL INDIA BOOK HOUSE, DELHI _c2023 |
||
| 300 | _a312 | ||
| 650 | _aPharmaceutical Chemistry | ||
| 942 | _cBK | ||
| 999 |
_c215635 _d215635 |
||